Odborný jazyk na vysokých školách III sborník prací z mezinárodní konference
Salvato in:
| Enti autori: | , |
|---|---|
| Natura: | Libro |
| Lingua: | ceco inglese tedesco slovacco francese |
| Pubblicazione: |
Provozně ekonomická fakulta České zemědělské univerzity v Praze
2007
|
| Soggetti: | |
| Tags: |
Nessun Tag, puoi essere il primo ad aggiungerne!!
|
MARC
| LEADER | 00000nlm$a2200000$$$4500 | ||
|---|---|---|---|
| 001 | 0056047 | ||
| 005 | 20240109070147.7 | ||
| 020 | |a 978-80-213-1615-7 | ||
| 041 | 0 | |a cze | |
| 041 | 0 | |a eng | |
| 041 | 0 | |a ger | |
| 041 | 0 | |a slo | |
| 041 | 0 | |a fre | |
| 044 | |a CZ | ||
| 245 | 1 | 0 | |a Odborný jazyk na vysokých školách III |b sborník prací z mezinárodní konference |
| 264 | 1 | |b Provozně ekonomická fakulta České zemědělské univerzity v Praze |c 2007 | |
| 300 | |a CD-ROM | ||
| 610 | 2 | 0 | |a jazykoveda |
| 610 | 2 | 0 | |a terminológia |
| 610 | 2 | 0 | |a školy vysoké |
| 110 | 2 | |a Odborný jazyk na vysokých školách III. Mezinárodní konference | |
| 710 | 2 | |a Provozně ekonomická fakulta České zemědělské univerzity v Praze. Katedra jazyků | |